[Event "FIDE World Cup 2025"]
[Site "Goa, India"]
[Date "2025.11.02"]
[Round "2.4"]
[White "Ndahangwapo, Heskiel"]
[Black "Artemiev, Vladislav"]
[Result "0-1"]
[TimeControl ": 90 minutes for the first 40 moves, followed by 30 minutes for the rest of the gamewith an increment of 30 seconds per move starting from move 1"]
[WhiteFideId "15202020"]
[BlackFideId "24101605"]
[WhiteElo "2093"]
[BlackElo "2646"]

1. e4 {[%clk 01:30:34]} {[%emt 00:00:24]} c5 {[%clk 01:28:46]} {[%emt
00:02:15]} 2. Nf3 {[%clk 01:30:50]} {[%emt 00:00:14]} e6 {[%clk 01:27:37]}
{[%emt 00:01:39]} 3. d4 {[%clk 01:30:51]} {[%emt 00:00:29]} cxd4 {[%clk
01:27:55]} {[%emt 00:00:12]} 4. Nxd4 {[%clk 01:31:13]} {[%emt 00:00:08]} Nc6
{[%clk 01:27:49]} {[%emt 00:00:36]} 5. Nc3 {[%clk 01:30:02]} {[%emt 00:01:41]}
Qc7 {[%clk 01:27:59]} {[%emt 00:00:20]} 6. Be2 {[%clk 01:29:39]} {[%emt
00:00:52]} Nf6 {[%clk 01:26:18]} {[%emt 00:02:11]} 7. Be3 {[%clk 01:25:29]}
{[%emt 00:04:40]} a6 {[%clk 01:24:11]} {[%emt 00:02:37]} 8. O-O {[%clk
01:21:38]} {[%emt 00:04:20]} Be7 {[%clk 01:22:35]} {[%emt 00:02:07]} 9. f4
{[%emt 00:04:07]} d6 {[%clk 01:18:39]} {[%emt 00:04:24]} 10. Qe1 {[%clk
01:14:48]} {[%emt 00:03:43]} O-O {[%clk 01:15:12]} {[%emt 00:04:00]} 11. Qg3
{[%clk 01:14:46]} {[%emt 00:00:30]} Nxd4 {[%clk 01:13:31]} {[%emt 00:02:12]} 12.
Bxd4 {[%clk 01:14:55]} {[%emt 00:00:21]} b5 {[%clk 01:13:54]} {[%emt 00:00:07]}
13. e5 {[%clk 01:06:46]} {[%emt 00:08:39]} dxe5 {[%clk 01:12:01]} {[%emt
00:02:24]} 14. Bxe5 {[%clk 01:06:21]} {[%emt 00:00:54]} Qb6+ {[%clk 01:04:29]}
{[%emt 00:08:02]} 15. Kh1 {[%clk 01:05:52]} {[%emt 00:00:58]} Bb7 {[%clk
01:04:49]} {[%emt 00:00:12]} 16. Bd3 {[%clk 00:58:20]} {[%emt 00:08:01]} Rad8
{[%clk 00:45:20]} {[%emt 00:20:26]} 17. Qh3 {[%clk 00:44:58]} {[%emt 00:13:50]}
h6 {[%clk 00:41:47]} {[%emt 00:04:04]} 18. Rae1 {[%clk 00:44:57]} {[%emt
00:00:31]} b4 {[%emt 00:30:25]} 19. Nd1 {[%clk 00:30:48]} {[%emt 00:00:01]} Nd7
{[%clk 00:25:45]} {[%emt 00:01:16]} 20. Bxg7 {[%clk 00:25:57]} {[%emt
00:05:20]} Kxg7 {[%clk 00:25:15]} {[%emt 00:01:00]} 21. Qg4+ {[%clk 00:26:20]}
{[%emt 00:00:07]} Kh8 {[%clk 00:25:34]} {[%emt 00:00:11]} 22. Qh5 {[%clk
00:26:32]} {[%emt 00:00:14]} e5 {[%clk 00:24:48]} {[%emt 00:01:21]} 23. fxe5
{[%clk 00:26:41]} {[%emt 00:00:20]} Rg8 {[%clk 00:23:28]} {[%emt 00:01:50]} 24.
Rg1 {[%clk 00:26:10]} {[%emt 00:01:02]} Rg5 {[%clk 00:12:27]} {[%emt 00:11:30]}
25. Qxf7 {[%clk 00:24:49]} {[%emt 00:01:51]} Rg7 {[%clk 00:12:52]} {[%emt
00:00:05]} 26. Qh5 {[%clk 00:23:00]} {[%emt 00:02:19]} Nc5 {[%clk 00:09:34]}
{[%emt 00:03:49]} 27. Bf5 {[%clk 00:17:25]} {[%emt 00:06:04]} Qc6 {[%clk
00:09:43]} {[%emt 00:00:22]} 28. Ne3 {[%clk 00:15:03]} {[%emt 00:02:51]} Ne4
{[%clk 00:09:24]} {[%emt 00:00:50]} 29. Re2 {[%clk 00:11:56]} {[%emt 00:03:37]}
Bc5 {[%clk 00:04:00]} {[%emt 00:05:55]} 30. Bxe4 {[%clk 00:08:12]} {[%emt
00:04:13]} Qxe4 {[%emt 00:00:13]} 31. Nf5 {[%clk 00:08:32]} Qf4 {[%clk
00:04:35]} {[%emt 00:00:22]} 32. Nxg7 {[%clk 00:08:16]} {[%emt 00:00:46]} Bxg1
{[%clk 00:04:53]} {[%emt 00:00:12]} 33. Ne6 {[%clk 00:08:00]} {[%emt 00:00:47]}
Be3 {[%clk 00:03:31]} {[%emt 00:01:52]} 34. Rf2 {[%clk 00:05:03]} {[%emt
00:03:27]} Qxf2 {[%clk 00:03:33]} {[%emt 00:00:28]} 0-1

[Event "FIDE World Cup 2025"]
[Site "Goa, India"]
[Date "2025.11.02"]
[Round "2.5"]
[White "Adams, Michael"]
[Black "Alrehaili, Ahmed Abdullah S"]
[Result "1-0"]
[TimeControl ": 90 minutes for the first 40 moves, followed by 30 minutes for the rest of the gamewith an increment of 30 seconds per move starting from move 1"]
[WhiteFideId "400041"]
[BlackFideId "21518840"]
[WhiteElo "2646"]
[BlackElo "2109"]

1. e4 {[%clk 01:30:56]} {[%emt 00:00:04]} e5 {[%clk 01:30:56]} {[%emt
00:00:05]} 2. Nf3 {[%clk 01:31:18]} {[%emt 00:00:07]} Nc6 {[%clk 01:31:16]}
{[%emt 00:00:10]} 3. Bb5 {[%clk 01:31:40]} {[%emt 00:00:08]} a6 {[%clk
01:31:31]} {[%emt 00:00:15]} 4. Ba4 {[%clk 01:32:02]} {[%emt 00:00:08]} d6
{[%clk 01:31:42]} {[%emt 00:00:19]} 5. O-O {[%clk 01:32:18]} {[%emt 00:00:14]}
Nf6 {[%clk 01:31:56]} {[%emt 00:00:17]} 6. Re1 {[%clk 01:31:13]} {[%emt
00:01:35]} g6 {[%clk 01:31:56]} {[%emt 00:00:30]} 7. Bxc6+ {[%clk 01:29:54]}
{[%emt 00:01:50]} bxc6 {[%clk 01:32:12]} {[%emt 00:00:13]} 8. d4 {[%clk
01:30:18]} {[%emt 00:00:06]} Bg4 {[%clk 01:30:48]} {[%emt 00:01:55]} 9. dxe5
{[%clk 01:28:45]} {[%emt 00:02:02]} Bxf3 {[%clk 01:30:32]} {[%emt 00:00:48]} 10.
Qxf3 {[%clk 01:28:38]} {[%emt 00:00:36]} dxe5 {[%clk 01:30:18]} {[%emt
00:00:44]} 11. Bg5 {[%clk 01:18:11]} {[%emt 00:10:56]} Be7 {[%clk 01:24:08]}
{[%emt 00:06:41]} 12. Na3 {[%clk 01:08:32]} {[%emt 00:10:09]} Nd7 {[%clk
01:17:13]} {[%emt 00:07:24]} 13. Bxe7 {[%clk 01:04:27]} {[%emt 00:04:36]} Qxe7
{[%clk 01:15:59]} {[%emt 00:01:44]} 14. Rad1 {[%clk 01:04:33]} {[%emt
00:00:23]} O-O {[%clk 01:15:06]} {[%emt 00:01:23]} 15. Qc3 {[%clk 01:04:13]}
{[%emt 00:00:51]} c5 {[%clk 01:03:16]} {[%emt 00:12:19]} 16. Nc4 {[%clk
01:02:58]} {[%emt 00:01:44]} Rfd8 {[%clk 00:56:18]} {[%emt 00:07:29]} 17. Rd5
{[%clk 00:57:20]} {[%emt 00:06:08]} f6 {[%clk 00:35:52]} {[%emt 00:20:56]} 18.
Na5 {[%clk 00:56:11]} {[%emt 00:01:39]} Re8 {[%clk 00:34:34]} {[%emt 00:01:48]}
19. b3 {[%clk 00:54:58]} {[%emt 00:01:43]} Nf8 {[%clk 00:26:04]} {[%emt
00:09:01]} 20. Nc6 {[%clk 00:50:52]} {[%emt 00:04:35]} Qf7 {[%clk 00:26:27]}
{[%emt 00:00:07]} 21. Qxc5 {[%clk 00:44:18]} {[%emt 00:07:05]} Ne6 {[%clk
00:25:12]} {[%emt 00:01:44]} 22. Qc4 {[%clk 00:41:43]} {[%emt 00:03:05]} Nf4
{[%clk 00:18:04]} {[%emt 00:07:38]} 23. Rc5 {[%clk 00:38:48]} {[%emt 00:03:26]}
Ne6 {[%clk 00:18:30]} {[%emt 00:00:03]} 24. Ra5 {[%clk 00:38:47]} {[%emt
00:00:31]} Nd8 {[%clk 00:16:59]} {[%emt 00:02:01]} 25. Rd5 {[%clk 00:33:33]}
{[%emt 00:05:45]} Nb7 {[%clk 00:14:58]} {[%emt 00:02:31]} 26. Red1 {[%clk
00:30:19]} {[%emt 00:03:44]} Nd6 {[%clk 00:13:40]} {[%emt 00:01:47]} 27. Qd3
{[%clk 00:29:07]} {[%emt 00:01:42]} Re6 {[%clk 00:09:34]} {[%emt 00:04:36]} 28.
Na5 {[%clk 00:28:08]} {[%emt 00:01:30]} Nb5 {[%clk 00:01:45]} {[%emt 00:08:19]}
29. a4 {[%clk 00:24:05]} {[%emt 00:04:32]} Nd6 {[%clk 00:00:34]} {[%emt
00:01:41]} 30. Nc4 {[%clk 00:20:10]} {[%emt 00:04:26]} Rd8 {[%clk 00:00:33]}
{[%emt 00:00:31]} 31. Qe2 {[%clk 00:19:54]} {[%emt 00:00:45]} Qe7 {[%clk
00:00:33]} {[%emt 00:00:30]} 32. h4 {[%clk 00:19:52]} {[%emt 00:00:33]} Nb7
{[%clk 00:00:46]} {[%emt 00:00:17]} 33. h5 {[%clk 00:19:33]} {[%emt 00:00:48]}
Kg7 {[%clk 00:00:58]} {[%emt 00:00:18]} 34. Qg4 {[%clk 00:17:59]} {[%emt
00:02:03]} Rxd5 {[%clk 00:00:58]} {[%emt 00:00:30]} 35. exd5 {[%clk 00:17:02]}
{[%emt 00:01:28]} f5 {[%clk 00:01:25]} {[%emt 00:00:02]} 36. h6+ {[%clk
00:15:08]} {[%emt 00:02:24]} Kf8 {[%clk 00:01:36]} {[%emt 00:00:19]} 37. Qe2
{[%clk 00:15:00]} {[%emt 00:00:38]} 1-0

[Event "FIDE World Cup 2025"]
[Site "Goa, India"]
[Date "2025.11.02"]
[Round "2.6"]
[White "Allam, Mohamed"]
[Black "Grandelius, Nils"]
[Result "1/2-1/2"]
[TimeControl ": 90 minutes for the first 40 moves, followed by 30 minutes for the rest of the gamewith an increment of 30 seconds per move starting from move 1"]
[WhiteFideId "11501731"]
[BlackFideId "1710400"]
[WhiteElo "2112"]
[BlackElo "2645"]

1. d4 {[%clk 01:30:45]} {[%emt 00:00:15]} Nf6 {[%clk 01:30:24]} {[%emt
00:00:36]} 2. Bf4 {[%clk 01:30:58]} {[%emt 00:00:17]} e6 {[%clk 01:28:58]}
{[%emt 00:01:57]} 3. e3 {[%clk 01:30:31]} {[%emt 00:00:57]} c5 {[%clk
01:28:15]} {[%emt 00:01:12]} 4. Nf3 {[%clk 01:29:49]} {[%emt 00:01:13]} cxd4
{[%clk 01:27:13]} {[%emt 00:01:32]} 5. exd4 {[%clk 01:30:06]} {[%emt 00:00:13]}
b6 {[%clk 01:27:10]} {[%emt 00:00:33]} 6. Nbd2 {[%clk 01:28:50]} {[%emt
00:01:46]} Be7 {[%clk 01:26:58]} {[%emt 00:00:41]} 7. c3 {[%clk 01:27:21]}
{[%emt 00:02:00]} O-O {[%clk 01:26:42]} {[%emt 00:00:44]} 8. Bd3 {[%clk
01:20:28]} {[%emt 00:07:25]} Ba6 {[%clk 01:26:31]} {[%emt 00:00:41]} 9. Bxa6
{[%clk 01:19:42]} {[%emt 00:01:16]} Nxa6 {[%clk 01:24:38]} {[%emt 00:02:23]} 10.
Qe2 {[%clk 01:16:15]} {[%emt 00:03:57]} Nc7 {[%clk 01:23:55]} {[%emt 00:01:13]}
11. Bxc7 {[%clk 01:09:05]} {[%emt 00:07:41]} Qxc7 {[%clk 01:24:15]} {[%emt
00:00:09]} 12. O-O {[%clk 01:08:19]} {[%emt 00:01:16]} Qb7 {[%clk 01:21:03]}
{[%emt 00:03:41]} 13. a4 {[%clk 01:07:51]} {[%emt 00:00:59]} a6 {[%clk
01:21:04]} {[%emt 00:00:29]} 14. Ne5 {[%clk 01:06:02]} {[%emt 00:02:19]} b5
{[%clk 01:11:23]} {[%emt 00:10:11]} 15. Nd3 {[%clk 01:02:09]} {[%emt 00:04:24]}
Rfc8 {[%clk 01:08:21]} {[%emt 00:03:32]} 16. Rfc1 {[%clk 01:01:19]} {[%emt
00:01:20]} h6 {[%clk 01:00:28]} {[%emt 00:08:23]} 17. h3 {[%clk 01:00:02]}
{[%emt 00:01:47]} Kf8 {[%clk 00:58:55]} {[%emt 00:02:02]} 18. Qf3 {[%clk
00:58:22]} {[%emt 00:02:10]} Qxf3 {[%clk 00:57:43]} {[%emt 00:01:42]} 19. Nxf3
{[%clk 00:58:46]} {[%emt 00:00:07]} Nd5 {[%clk 00:56:14]} {[%emt 00:01:59]} 20.
Kf1 {[%clk 00:51:54]} {[%emt 00:07:22]} f6 {[%clk 00:44:29]} {[%emt 00:12:14]}
21. Nd2 {[%clk 00:44:47]} {[%emt 00:07:37]} Kf7 {[%clk 00:42:38]} {[%emt
00:02:22]} 22. Ra2 {[%clk 00:42:48]} {[%emt 00:02:30]} Nb6 {[%clk 00:38:51]}
{[%emt 00:04:16]} 23. axb5 {[%clk 00:35:39]} {[%emt 00:07:40]} axb5 {[%clk
00:39:14]} {[%emt 00:00:06]} 24. Rxa8 {[%clk 00:35:48]} {[%emt 00:00:21]} Rxa8
{[%clk 00:39:16]} {[%emt 00:00:28]} 25. Nb3 {[%clk 00:34:15]} {[%emt 00:02:03]}
Nc4 {[%clk 00:29:52]} {[%emt 00:09:53]} 26. Ra1 {[%clk 00:32:49]} {[%emt
00:01:58]} Ra4 {[%clk 00:30:04]} {[%emt 00:00:17]} 27. Ke2 {[%clk 00:26:08]}
{[%emt 00:07:11]} e5 {[%clk 00:29:23]} {[%emt 00:01:11]} 28. dxe5 {[%clk
00:24:51]} {[%emt 00:01:48]} fxe5 {[%clk 00:29:38]} {[%emt 00:00:14]} 29. Rxa4
{[%clk 00:22:51]} {[%emt 00:02:30]} bxa4 {[%clk 00:30:02]} {[%emt 00:00:05]} 30.
Nd2 {[%clk 00:22:19]} {[%emt 00:01:02]} Nxd2 {[%clk 00:29:27]} {[%emt
00:01:06]} 31. Kxd2 {[%clk 00:22:32]} {[%emt 00:00:17]} e4 {[%clk 00:25:30]}
{[%emt 00:04:26]} 32. Nf4 {[%clk 00:17:34]} {[%emt 00:05:29]} Bc5 {[%clk
00:24:20]} {[%emt 00:01:39]} 33. f3 {[%clk 00:12:14]} {[%emt 00:05:50]} exf3
{[%clk 00:16:49]} {[%emt 00:08:02]} 34. gxf3 {[%clk 00:12:35]} {[%emt
00:00:09]} Kf6 {[%clk 00:17:11]} {[%emt 00:00:08]} 35. Kd3 {[%clk 00:10:31]}
{[%emt 00:02:34]} Ke5 {[%clk 00:15:30]} {[%emt 00:02:11]} 36. Ng2 {[%clk
00:09:45]} {[%emt 00:01:16]} d5 {[%clk 00:11:36]} {[%emt 00:04:24]} 37. Kc2
{[%clk 00:09:18]} {[%emt 00:00:57]} Bf2 {[%clk 00:07:39]} {[%emt 00:04:27]} 38.
Kd3 {[%clk 00:07:30]} {[%emt 00:02:18]} g5 {[%clk 00:07:58]} {[%emt 00:00:11]}
39. Ke2 {[%clk 00:07:04]} {[%emt 00:00:56]} Bc5 {[%clk 00:04:11]} {[%emt
00:04:17]} 40. Kd3 {[%clk 00:06:27]} {[%emt 00:01:06]} Bb6 {[%clk 00:04:26]}
{[%emt 00:00:15]} 41. Kc2 {[%clk 00:27:43]} {[%emt 00:09:15]} Bf2 {[%clk
00:32:50]} {[%emt 00:02:06]} 42. Kd3 {[%clk 00:20:20]} {[%emt 00:07:55]} d4
{[%clk 00:23:00]} {[%emt 00:10:20]} 43. Kc4 {[%clk 00:14:07]} {[%emt 00:06:43]}
dxc3 {[%clk 00:23:09]} {[%emt 00:00:21]} 44. Kxc3 {[%clk 00:14:07]} {[%emt
00:00:30]} Kd5 {[%clk 00:17:15]} {[%emt 00:06:23]} 45. b3 {[%clk 00:08:02]}
{[%emt 00:06:36]} a3 {[%clk 00:10:55]} {[%emt 00:06:51]} 46. b4 {[%clk
00:08:12]} {[%emt 00:00:20]} a2 {[%clk 00:10:55]} {[%emt 00:00:29]} 47. Kb2
{[%clk 00:08:38]} {[%emt 00:00:04]} Kc4 {[%clk 00:10:28]} {[%emt 00:00:57]} 48.
Kxa2 {[%clk 00:06:41]} {[%emt 00:02:27]} Kxb4 {[%clk 00:04:29]} {[%emt
00:06:28]} 49. Kb2 {[%clk 00:06:31]} {[%emt 00:00:40]} Kc4 {[%clk 00:04:54]}
{[%emt 00:00:05]} 50. Kc2 {[%clk 00:06:46]} {[%emt 00:00:14]} Bc5 {[%clk
00:04:26]} {[%emt 00:00:58]} 1/2-1/2

[Event "FIDE World Cup 2025"]
[Site "Goa, India"]
[Date "2025.11.02"]
[Round "2.7"]
[White "Martinez Alcantara, Jose Eduardo"]
[Black "Huh, Isaak"]
[Result "1-0"]
[TimeControl ": 90 minutes for the first 40 moves, followed by 30 minutes for the rest of the gamewith an increment of 30 seconds per move starting from move 1"]
[WhiteFideId "3805662"]
[BlackFideId "13209590"]
[WhiteElo "2644"]
[BlackElo "2139"]

1. Nf3 {[%clk 01:30:53]} {[%emt 00:00:06]} d5 {[%clk 01:30:45]} {[%emt
00:00:14]} 2. g3 {[%clk 01:31:16]} {[%emt 00:00:09]} c5 {[%clk 01:29:14]}
{[%emt 00:02:01]} 3. Bg2 {[%clk 01:31:08]} {[%emt 00:00:37]} Nc6 {[%clk
01:28:26]} {[%emt 00:01:20]} 4. d4 {[%clk 01:31:37]} cxd4 {[%clk 01:23:04]}
{[%emt 00:05:53]} 5. Nxd4 {[%clk 01:31:59]} {[%emt 00:00:07]} e6 {[%clk
01:22:40]} {[%emt 00:00:55]} 6. O-O {[%clk 01:31:26]} {[%emt 00:01:02]} Bc5
{[%clk 01:20:00]} {[%emt 00:03:10]} 7. Nb3 {[%clk 01:22:37]} {[%emt 00:09:19]}
Bb6 {[%clk 01:19:51]} {[%emt 00:00:39]} 8. c4 {[%clk 01:22:11]} {[%emt
00:00:54]} Nge7 {[%clk 01:13:26]} {[%emt 00:06:55]} 9. Nc3 {[%clk 01:11:20]}
{[%emt 00:11:22]} d4 {[%clk 01:06:41]} {[%emt 00:07:15]} 10. c5 {[%clk
01:07:28]} {[%emt 00:04:22]} dxc3 {[%clk 00:59:44]} {[%emt 00:07:27]} 11. cxb6
{[%clk 01:07:51]} {[%emt 00:00:08]} Qxd1 {[%clk 00:59:43]} {[%emt 00:00:30]} 12.
Rxd1 {[%clk 01:08:19]} {[%emt 00:00:02]} c2 {[%clk 00:59:31]} {[%emt 00:00:42]}
13. Rd2 {[%clk 01:08:42]} {[%emt 00:00:07]} axb6 {[%clk 00:59:34]} {[%emt
00:00:27]} 14. Rxc2 {[%clk 01:08:58]} {[%emt 00:00:14]} e5 {[%clk 00:58:59]}
{[%emt 00:01:05]} 15. Be3 {[%clk 01:06:57]} {[%emt 00:02:30]} Be6 {[%clk
00:57:49]} {[%emt 00:01:41]} 16. Nd2 {[%clk 01:03:20]} {[%emt 00:04:08]} Ra6
{[%clk 00:46:27]} {[%emt 00:11:52]} 17. Nc4 {[%clk 00:56:37]} {[%emt 00:07:12]}
Nf5 {[%clk 00:43:45]} {[%emt 00:03:12]} 18. Bxc6+ {[%clk 00:50:51]} {[%emt
00:06:16]} bxc6 {[%clk 00:44:10]} {[%emt 00:00:06]} 19. Nxe5 {[%clk 00:51:17]}
{[%emt 00:00:04]} Nxe3 {[%clk 00:44:02]} {[%emt 00:00:39]} 20. fxe3 {[%clk
00:51:45]} {[%emt 00:00:01]} c5 {[%clk 00:43:58]} {[%emt 00:00:34]} 21. a3
{[%clk 00:52:05]} {[%emt 00:00:10]} f6 {[%clk 00:38:13]} {[%emt 00:06:15]} 22.
Nf3 {[%clk 00:48:14]} {[%emt 00:04:21]} Ke7 {[%clk 00:33:38]} {[%emt 00:05:04]}
23. Rd2 {[%clk 00:46:44]} {[%emt 00:02:02]} Rd8 {[%clk 00:31:10]} {[%emt
00:02:57]} 24. Rxd8 {[%clk 00:47:05]} {[%emt 00:00:09]} Kxd8 {[%clk 00:31:39]}
{[%emt 00:00:02]} 25. Kf2 {[%clk 00:47:28]} {[%emt 00:00:06]} Ra4 {[%clk
00:31:17]} {[%emt 00:00:49]} 26. Nd2 {[%clk 00:47:39]} {[%emt 00:00:23]} Kc7
{[%clk 00:24:43]} {[%emt 00:07:04]} 27. Rc1 {[%clk 00:46:55]} {[%emt 00:01:14]}
Kc6 {[%clk 00:21:56]} {[%emt 00:03:17]} 28. e4 {[%clk 00:45:23]} {[%emt
00:02:01]} Kb5 {[%clk 00:18:13]} {[%emt 00:04:14]} 29. Ke3 {[%clk 00:43:03]}
{[%emt 00:02:50]} Ra8 {[%clk 00:13:42]} {[%emt 00:05:01]} 30. h3 {[%clk
00:33:51]} {[%emt 00:09:41]} h5 {[%clk 00:11:56]} {[%emt 00:02:16]} 31. h4
{[%clk 00:34:14]} {[%emt 00:00:07]} Rd8 {[%clk 00:09:40]} {[%emt 00:02:47]} 32.
Rc3 {[%clk 00:34:23]} {[%emt 00:00:21]} Kc6 {[%clk 00:08:53]} {[%emt 00:01:16]}
33. Nf3 {[%clk 00:32:34]} {[%emt 00:02:19]} Rd1 {[%clk 00:07:59]} {[%emt
00:01:24]} 34. e5 {[%clk 00:31:11]} {[%emt 00:01:53]} fxe5 {[%clk 00:07:24]}
{[%emt 00:01:04]} 35. Nxe5+ {[%clk 00:31:12]} {[%emt 00:00:28]} Kb5 {[%clk
00:07:29]} {[%emt 00:00:25]} 36. Rd3 {[%clk 00:30:21]} {[%emt 00:01:22]} Rb1
{[%clk 00:06:53]} {[%emt 00:01:07]} 37. Rd2 {[%clk 00:30:50]} {[%emt 00:00:01]}
Bh3 {[%clk 00:06:33]} {[%emt 00:00:49]} 38. Rd6 {[%clk 00:27:13]} {[%emt
00:04:07]} Bg4 {[%clk 00:01:48]} {[%emt 00:05:15]} 39. a4+ {[%clk 00:21:33]}
{[%emt 00:06:10]} Kxa4 {[%clk 00:01:54]} {[%emt 00:00:24]} 40. Rxb6 {[%clk
00:20:49]} {[%emt 00:01:15]} Rc1 {[%clk 00:00:49]} {[%emt 00:01:34]} 41. Kd2
{[%clk 00:20:03]} {[%emt 00:01:15]} Rg1 {[%clk 00:29:17]} {[%emt 00:02:04]} 42.
Nc4 {[%clk 00:44:07]} {[%emt 00:06:24]} Rb1 {[%clk 00:24:25]} {[%emt 00:05:23]}
43. e4 {[%clk 00:42:04]} {[%emt 00:02:33]} Bf3 {[%clk 00:22:57]} {[%emt
00:01:57]} 44. Kd3 {[%clk 00:40:47]} {[%emt 00:01:48]} Bd1 {[%clk 00:22:21]}
{[%emt 00:01:05]} 45. e5 {[%clk 00:39:24]} {[%emt 00:01:53]} Bb3 {[%clk
00:19:45]} {[%emt 00:03:07]} 46. Rxb3 {[%clk 00:39:23]} {[%emt 00:00:31]} 1-0

[Event "FIDE World Cup 2025"]
[Site "Goa, India"]
[Date "2025.11.02"]
[Round "2.8"]
[White "Amdouni, Zoubaier"]
[Black "Gledura, Benjamin"]
[Result "0-1"]
[TimeControl ": 90 minutes for the first 40 moves, followed by 30 minutes for the rest of the gamewith an increment of 30 seconds per move starting from move 1"]
[WhiteFideId "5500419"]
[BlackFideId "712779"]
[WhiteElo "2186"]
[BlackElo "2643"]

1. e4 {[%clk 01:30:57]} {[%emt 00:00:03]} e6 {[%clk 01:30:34]} {[%emt
00:00:27]} 2. d4 {[%clk 01:30:51]} {[%emt 00:00:35]} d5 {[%clk 01:30:53]}
{[%emt 00:00:11]} 3. Bd3 {[%clk 01:28:55]} {[%emt 00:02:27]} dxe4 {[%clk
01:30:18]} {[%emt 00:01:04]} 4. Bxe4 {[%clk 01:29:23]} {[%emt 00:00:02]} Nf6
{[%clk 01:30:36]} {[%emt 00:00:11]} 5. Bf3 {[%clk 01:28:45]} {[%emt 00:01:09]}
Be7 {[%clk 01:30:16]} {[%emt 00:00:50]} 6. Ne2 {[%clk 01:26:57]} {[%emt
00:02:18]} O-O {[%clk 01:30:11]} {[%emt 00:00:35]} 7. Nbc3 {[%clk 01:25:31]}
{[%emt 00:01:56]} c5 {[%clk 01:29:44]} {[%emt 00:00:57]} 8. Be3 {[%clk
01:25:42]} {[%emt 00:00:19]} Qc7 {[%clk 01:28:41]} {[%emt 00:01:33]} 9. Qd2
{[%clk 01:03:37]} {[%emt 00:22:36]} Rd8 {[%clk 01:08:16]} {[%emt 00:20:54]} 10.
O-O-O {[%clk 01:03:00]} {[%emt 00:01:06]} Nc6 {[%clk 01:08:03]} {[%emt
00:00:43]} 11. Qe1 {[%clk 00:42:06]} {[%emt 00:21:25]} Bd7 {[%clk 01:04:08]}
{[%emt 00:04:25]} 12. d5 {[%clk 00:35:22]} {[%emt 00:07:14]} Nb4 {[%clk
00:56:06]} {[%emt 00:08:31]} 13. Bf4 {[%clk 00:30:25]} {[%emt 00:05:27]} e5
{[%clk 00:51:59]} {[%emt 00:04:37]} 14. Be3 {[%clk 00:22:47]} {[%emt 00:08:08]}
Bf5 {[%clk 00:50:12]} {[%emt 00:02:18]} 15. Ng3 {[%clk 00:11:47]} {[%emt
00:11:30]} Bxc2 {[%clk 00:48:31]} {[%emt 00:02:10]} 16. Qe2 {[%clk 00:11:21]}
{[%emt 00:00:57]} c4 {[%clk 00:45:47]} {[%emt 00:03:14]} 17. a3 {[%clk
00:01:47]} {[%emt 00:10:04]} Bd3 {[%clk 00:45:39]} {[%emt 00:00:38]} 18. Rxd3
{[%clk 00:00:41]} {[%emt 00:01:36]} cxd3 {[%clk 00:45:41]} {[%emt 00:00:28]} 19.
Qd2 {[%clk 00:00:36]} {[%emt 00:00:35]} Nbxd5 {[%clk 00:41:46]} {[%emt
00:04:24]} 20. Kb1 {[%clk 00:00:53]} {[%emt 00:00:13]} 0-1